000 00679nam a2200193 a 4500
001 000036912
005 20200930080021.0
008 120206s2008 sp 000 0 spa d
020 _a9788479081652
040 _aDO-SdBNP
_bspa
_cBNPHU
082 _axxxx
_bL864s
100 1 _aLópez Alfonso, Francisco José
_97435
245 1 0 _aSombras de libertad :
_buna aproximación a la literatura brasileña /
_cFrancisco José López Alfonso; prólogo de Eduardo Becerra.
260 _aMurcia, España,
_c2008.
300 _a156 p ;
_c19 cm.
490 1 _aCuaderno de América sin nombre
_v24
700 1 _aBecerra, Eduardo
_963302
830 0 _aCuaderno de América sin nombre
_v24
_963303
999 _c36402
_d36402